Wooden gongs and drumbeats (Record no. 111942)
[ view plain ]
| 000 -LEADER | |
|---|---|
| fixed length control field | 01244nam a2200337 a 4500 |
| 082 04 - DEWEY DECIMAL CLASSIFICATION NUMBER | |
| Classification number | 398.2096 |
| 100 1# - MAIN ENTRY--AUTHOR NAME | |
| Personal name | Onuchukwu, Dahi Chris. |
| 245 10 - TITLE STATEMENT | |
| Title | Wooden gongs and drumbeats |
| 260 ## - PUBLICATION, DISTRIBUTION, ETC. (IMPRINT) | |
| Place of publication | London : |
| Name of publisher | Adonis & Abbey, |
| Year of publication | 2003. |
| 300 ## - PHYSICAL DESCRIPTION | |
| Number of Pages | 164 p. |
| 505 0# - FORMATTED CONTENTS NOTE | |
| Formatted contents note | pt. 1. Folktales -- pt. 2. Idioms and proverbs. |
| 650 #0 - SUBJECT ADDED ENTRY--TOPICAL TERM | |
| Topical Term | Folklore |
| Topical Term | Proverbs, African. |
| Topical Term | African languages |
| 856 40 - ELECTRONIC LOCATION AND ACCESS | |
| Uniform Resource Identifier | http://site.ebrary.com/lib/rucke/Doc?id=10594021 |
No items available.
